| 000 | 00405nam a22001217a 4500 | ||
|---|---|---|---|
| 082 | _a200 THE | ||
| 100 |
_aAdnan Murtaza Danish _915380 |
||
| 245 | _aTH-SOF-1272-Design and Simulation of MEMS based Inertial Electromagnetic Harvester | ||
| 260 |
_aIslamabad _bNUST College of EME _c2016 |
||
| 650 |
_a MS-MTS-74 MSTHESIS _970045 |
||
| 700 |
_aSupervisor Dr. Muhammad Mubasher Saleem _969665 |
||
| 942 | _cCF | ||
| 999 |
_c577167 _d577167 |
||